000 00338nam a2200121Ia 4500
008 210430s9999 xx 000 0 und d
082 _a331S1271 E
100 _aKhawaja Amjad Saeed
_953694
245 4 _aThe Economy of Pakistan
_cKhawaja Amjad Saeed
260 _aPakistan
_bKhawaja Amjad Saeed
_c2007
300 _a468p
942 _cBK
_2ddc
999 _c563864
_d563864